000 00409nam a2200181Ia 4500
001 23487
005 20260414150940.0
008 260414t2014||||xx |||||||||||||| ||spa||
041 _aESP
082 _a650.1
_bT36
100 _aTemiño Aguirre, Ignacio
_eAUT
245 0 _aApple
_b
260 _c2014
300 _a118 páginas :
_c30 cm.
650 _aGEN
654 _aCCO
942 _cLIB
_dJUS
_fJUS
_2ddc
_n
999 _c23487
_d23487